00978cam a2200277 a 45000010009000000050017000090080041000260100017000670200025000840200024001090200024001330200024001570400013001810420008001940500025002020820012002271000018002392450096002572500012003532600046003653000046004115040051004576500037005087000019005457760136005641758705420150202160623.0130110s2013 enka b 001 0 eng  a 2012047273 a9781119942252 (pbk.) a9781118527863 (ebk) a9781118527740 (ebk) a9781118527856 (ebk) aDLCcDLC apcc00aHD 30.4b.Se435 201300a650.0721 aSekaran, Uma.10aResearch methods for business :ba skill-building approach /cUma Sekaran and Roger Bougie. a6th ed. aChichester, West Sussex :bWiley,cc2013. axxi, 423 pages :billustrations ;c24 cm. aIncludes bibliographical references and index. 0aBusinessxResearchxMethodology.1 aBougie, Roger.08iOnline version:aSekaran, Uma.tResearch methods for businessb6th ed.dHoboken, NJ : Wiley, c2013z9781118527726w(DLC) 2013001359